000 01131nam a2200325Ia 4500
001 dia_62
003 CHAP
005 20221202135208.0
008 220117s1997 xx 000 0 und d
010 _a170495
020 _a92-9088-064-0
040 _cCHAP
082 _a331.12 S46 1977
111 _aSeminario Internacional sobre Formación Basada en Competencia Laboral (1996 ; Guanajuato, México)
_9147096
245 _aFormación Basada en Competencia Laboral : situación actual y perspectivas /
_c Organización Internacional del Trabajo
260 _aMéxico :
_b OIT,
_c1997
300 _aviii, 262 p.
440 _aHerramientas para la transformación
_9147097
503 _aI. 193610
504 _aIncluye bibliografía
650 _aCertificación profesional
_9147098
650 _aFormación profesional
_9147099
650 _aMercado de trabajo
_9147100
650 _aTrabajo
_9147101
710 _aOrganización Internacional del Trabajo
_9147102
901 _a331.12 S46 1977
902 _aM
905 _a0000001997 mx in 0000000000spa00
942 _cLIBRO
_2ddc
999 _c170495
_d170495